000 00230 a2200097 4500
001 33033
100 _aLewis, G
245 _aSuccessful Creativity in a Week
260 _aLondon
_bHodder & Stoughton
_c1999
090 _c22160
_d22160
942 _aNUST-CAE
_cM
_c13515
999 _c268106
_d268106